| 000 | 00932nam a22002297a 4500 | ||
|---|---|---|---|
| 003 | URS | ||
| 005 | 20230810093818.0 | ||
| 008 | 221025b |||||||| |||| 00| 0 eng d | ||
| 100 |
_92747 _aCatalan, Almira Kezea I. _eauthor |
||
| 245 |
_aAccounting practices of selected online sellers in Binangonan, Rizal _ban input to the development of accounting training program _cAlmira Kezea I. Catalan, John Darryl M. Simacon, Stephanie R. Agapito |
||
| 260 | _c2021 | ||
| 300 |
_axiii, 85 leaves _c28 cm. |
||
| 336 |
_2rdacontent _atext |
||
| 337 |
_2rdamedia _aunmediated |
||
| 338 |
_2rdacarrier _avolume |
||
| 502 |
_aThesis _bBachelor of Science in Accountancy _cUniversity of Rizal System, Binangonan _d2021 |
||
| 504 | _aIncludes bibliographical references. | ||
| 700 |
_92748 _aSimacon, John Darryl M. _eauthor |
||
| 700 |
_92749 _aAgapito, Stephanie R. _eauthor |
||
| 700 |
_aErnie D. Tano, CPA, DBA _eadviser _91652 |
||
| 942 |
_2lcc _cT |
||
| 999 |
_c59202 _d59202 |
||